Právne medzery finančného sektora

Dôvody viaznutia legislatívnych noriem súvisiacich s finančným sektorm SR. Novelizácia zákonov o bankách a poisťovníctve. Reštrukturalizácia úverového portfólia bánk. Štátny dozor nad finančným sektorom. Hypotekárne úverovanie. Potreba všeobecnej právnej normy o ochrane vkladov.

Guardado en:
Detalles Bibliográficos
Autor principal: Schmögnerová, Brigita
Formato: Capítulo de libro
Lenguaje:eslovaco
Materias:
Etiquetas: Agregar Etiqueta
Sin Etiquetas, Sea el primero en etiquetar este registro!

MARC

LEADER 00000naa a2200000 4500
001 r020328
005 20230801103415.1
041 0 |a slo 
044 |a SK 
245 1 0 |a Právne medzery finančného sektora  |c Brigita Schmögnerová 
520 |a Dôvody viaznutia legislatívnych noriem súvisiacich s finančným sektorm SR. Novelizácia zákonov o bankách a poisťovníctve. Reštrukturalizácia úverového portfólia bánk. Štátny dozor nad finančným sektorom. Hypotekárne úverovanie. Potreba všeobecnej právnej normy o ochrane vkladov. 
610 2 0 |a Slovensko 
610 2 0 |a 1995 
610 2 0 |a 1996 
610 2 0 |a zákony 
610 2 0 |a novelizácia 
610 2 0 |a banky 
610 2 0 |a úverovanie 
610 2 0 |a poisťovníctvo 
610 2 0 |a dozor štátny 
610 2 0 |a úver hypotekárny 
610 2 0 |a legislatíva 
610 2 0 |a MF SR Bratislava 
100 1 |a Schmögnerová, Brigita